| 000 | 00000nam 2200000zi 4500 |
| 001 | 9.929766 |
| 003 | CaOODSP |
| 005 | 20241122072347 |
| 006 | m o d f |
| 007 | cr mn||||||||| |
| 008 | 231031t20232023quc o f000 0 fre d |
| 020 | |a9780660686394 |
| 040 | |aCaOODSP|bfre|erda|cCaOODSP |
| 086 | 1 |aEm12-113/2023F-PDF |
| 245 | 00|aRésumé de rapport : |bréforme sur l'âge de la retraite / |cDirection générale des politiques stratégiques et de service, Direction de la politique sociale. |
| 264 | 1|a[Gatineau, Québec] : |bEmploi et deĢveloppement social Canada = Employment and Social Development Canada, |c2023. |
| 264 | 4|c©2023 |
| 300 | |a1 ressource en ligne (4 pages) |
| 336 | |atexte|btxt|2rdacontent/fre |
| 337 | |ainformatique|bc|2rdamedia/fre |
| 338 | |aressource en ligne|bcr|2rdacarrier/fre |
| 500 | |aPublié aussi en anglais sous le titre : Report summary: retirement age reform. |
| 650 | 6|aÂge de la retraite|xAspect économique. |
| 710 | 1 |aCanada. |bEmploi et développement social Canada. |bDirection générale des politiques stratégiques et de service, |eorganisme de publication. |
| 775 | 08|tReport summary : |w(CaOODSP)9.929765 |
| 856 | 40|qPDF|s250 Ko|uhttps://publications.gc.ca/collections/collection_2024/edsc-esdc/Em12-113-2023-fra.pdf |
| 856 | 4 |qHTML|sS.O.|uhttps://www.canada.ca/fr/emploi-developpement-social/ministere/rapports/recherche/reforme-age-retraite.html |